<?xml version="1.0" encoding="UTF-8"?>
<record
    xmlns:xsi="http://www.w3.org/2001/XMLSchema-instance"
    xsi:schemaLocation="http://www.loc.gov/MARC21/slim http://www.loc.gov/standards/marcxml/schema/MARC21slim.xsd"
    xmlns="http://www.loc.gov/MARC21/slim">

  <leader>00776na  a2200229   4500</leader>
  <controlfield tag="001">23668</controlfield>
  <controlfield tag="003">MIRAKIL</controlfield>
  <controlfield tag="005">20181213155314.0</controlfield>
  <controlfield tag="008">171124b        tu            000 0      </controlfield>
  <datafield tag="020" ind1=" " ind2=" ">
    <subfield code="a">9759697424</subfield>
  </datafield>
  <datafield tag="040" ind1=" " ind2=" ">
    <subfield code="a">Milas</subfield>
    <subfield code="b">tur</subfield>
    <subfield code="c">TR-AnCHP</subfield>
  </datafield>
  <datafield tag="041" ind1=" " ind2=" ">
    <subfield code="a">tur</subfield>
  </datafield>
  <datafield tag="082" ind1=" " ind2=" ">
    <subfield code="a">923.156 Demirel,S.</subfield>
    <subfield code="b">D25c 1999</subfield>
  </datafield>
  <datafield tag="090" ind1=" " ind2=" ">
    <subfield code="a">923.156 Demirel,S. D25c 1999</subfield>
  </datafield>
  <datafield tag="100" ind1=" " ind2=" ">
    <subfield code="a">Demirel,S&#xFC;leyman</subfield>
  </datafield>
  <datafield tag="245" ind1=" " ind2=" ">
    <subfield code="a">Cumhurba&#x15F;kan&#x131; say&#x131;n S&#xFC;leyman Demirel'in &#xE7;e&#x15F;itli televizyon kanallar&#x131;nda yay&#x131;nlanan m&#xFC;lakatlar&#x131;</subfield>
    <subfield code="c">S&#xFC;leyman Demirel</subfield>
  </datafield>
  <datafield tag="260" ind1=" " ind2=" ">
    <subfield code="a">Ankara</subfield>
    <subfield code="b">Ba&#x15F;bakanl&#x131;k Bas&#x131;mevi</subfield>
    <subfield code="c">1999</subfield>
  </datafield>
  <datafield tag="300" ind1=" " ind2=" ">
    <subfield code="a">348 s.</subfield>
    <subfield code="c">29 sm.</subfield>
  </datafield>
  <datafield tag="600" ind1=" " ind2=" ">
    <subfield code="a">Demirel,S&#xFC;leyman</subfield>
    <subfield code="x">Televizyonda siyaset</subfield>
  </datafield>
  <datafield tag="600" ind1=" " ind2=" ">
    <subfield code="a">Demirel,S&#xFC;leyman</subfield>
    <subfield code="c">Cumhurba&#x15F;kan&#x131;</subfield>
    <subfield code="d">1924 - 2015</subfield>
    <subfield code="x">S&#xF6;ylev ve deme&#xE7;ler</subfield>
  </datafield>
  <datafield tag="942" ind1=" " ind2=" ">
    <subfield code="2">dcc</subfield>
    <subfield code="c">BKS</subfield>
  </datafield>
  <datafield tag="952" ind1=" " ind2=" ">
    <subfield code="a">0001</subfield>
    <subfield code="b">0001</subfield>
    <subfield code="d">2017-11-24</subfield>
    <subfield code="e">2</subfield>
    <subfield code="l">0</subfield>
    <subfield code="o">923.156 Demirel,S. D25c 1999</subfield>
    <subfield code="p">017664</subfield>
    <subfield code="r">2017-11-24 00:00:00</subfield>
    <subfield code="v">0.00</subfield>
    <subfield code="w">2017-11-24</subfield>
    <subfield code="y">BKS</subfield>
  </datafield>
  <datafield tag="999" ind1=" " ind2=" ">
    <subfield code="c">10313</subfield>
    <subfield code="d">10313</subfield>
  </datafield>
</record>
